=LDR 00000nam 2200000 4500 =001 INLIS000000000034360 =005 20201222124019 =035 ##$$a 0010-061300000034360 =008 201222################g##########0#ind## =041 ##$$a ind =082 ##$$a 330.122 =090 ##$$a 330.122, Men m =245 ##$$a Menguasai pasar mengeruk untung /$c Penyunting, Muhammad Aziz Hakim ; Editor, Tim Ranaisan =260 ##$$a Jakarta :$b Renaisan,$c 2006 =300 ##$$a 69 hlm., ; $c 23 x16 cm =650 #4$$a Ekonomi - Pasar =850 ##$$a NBPNMAT =084 ##$$a 330.122 MEN =700 #$$a Muhammad Aziz Hakim =700 #$$a Tim Ranaisan =504 ##$$a Bibliografi : hlm, 66-69 =250 ##$$a cet.2 =020 ##$$a 979-98973-7-8 =990 ##$$a 21008211 =990 ##$$a 21008213 =990 ##$$a 21008214 =990 ##$$a 21008212 =990 ##$$a 21008213 =990 ##$$a 21008211 =990 ##$$a 21008214 =990 ##$$a 21008212 =990 ##$$a 21008213 =990 ##$$a 21008211 =990 ##$$a 21008214 =990 ##$$a 21008212